Departments and Agencies under Ministry of Defence : 2017- 2020 Handing Over Notes II (Record no. 779)

MARC details
000 -LEADER
fixed length control field 00529nam a2200157Ia 4500
008 - FIXED-LENGTH DATA ELEMENTS--GENERAL INFORMATION
fixed length control field 240428s9999||||xx |||||||||||||| ||und||
041 ## - LANGUAGE CODE
Language code of text/sound track or separate title eng
082 ## - DEWEY DECIMAL CLASSIFICATION NUMBER
Classification number PL/MOD/20/138
100 ## - MAIN ENTRY--PERSONAL NAME
Personal name Ministry of Defence.
245 #0 - TITLE STATEMENT
Title Departments and Agencies under Ministry of Defence : 2017- 2020 Handing Over Notes II
260 ## - PUBLICATION, DISTRIBUTION, ETC.
Name of publisher, distributor, etc. Ministry of Defence
Place of publication, distribution, etc. [Accra] :
Date of publication, distribution, etc. 2020
300 ## - PHYSICAL DESCRIPTION
Extent viii, 158p, diag, tabs.
650 ## - SUBJECT ADDED ENTRY--TOPICAL TERM
Topical term or geographic name entry element Departments and Agencies - under Ministry of Defence - 2017- 2020 Handing Over Notes II
942 ## - ADDED ENTRY ELEMENTS (KOHA)
Koha item type Annual Report
Holdings
Withdrawn status Lost status Damaged status Not for loan Home library Current library Shelving location Date acquired Total checkouts Full call number Date last seen Copy number Price effective from Koha item type
        Main Library Main Library Open Shelves 02/03/2022   PL/MOD/20/137/ C1 - PL/MOD/20/138 C2 - PL/MOD/20/138 29/04/2024 1 29/04/2024 Annual Report
©2026  Parliament of Ghana Library - All rights reserved